000 00527nam a22001697a 4500
999 _c60734
_d60734
005 20231016153723.0
008 231016s1967 ru ||||| |||| 00| 0 rus d
041 _arus
080 _a94(495.112) +711.424 С-33
100 _aСидорова Н.А.
_920090
245 _aАфины /
_cН.А. Сидорова.
264 _aМосква :
_bИскусство,
_c1967.
300 _a174 стр.:
_bилл.;
_c17 см.
440 _aГорода и музеи мира
_920091
653 _aათენი
942 _2udc
_cBK